000 00648cam a22002413a 4500
999 _c6557
_d6557
001 6557
003 UkOxU
005 20200407134007.0
008 000000s1975 xx 000 0 und
035 _aOCLC pks03537623 from D960729K
040 _aEQO
_cEQO
_dBD-JhCC
041 _aeng
082 _a808.882
_bMAG 1975
100 _aF.N. Magill
245 0 0 _aMagill's Quotations in context /
_ced. by F.N. Magill
250 _a1st ed
260 _aEnglewood Cliffs,
_c[c.1975]
300 _a1224 p. :
_c22 cm.
650 _aQuotations, English
700 1 _aMagill, Frank N.
_q(Frank Northen),
_d1907-1997.
942 _2ddc
_cBK
_02